| 000 | 01294nam a2200181Ia 4500 | ||
|---|---|---|---|
| 008 | 230822s9999 xx 000 0 und d | ||
| 020 | _a97805212027490521202744 | ||
| 041 | _aeng | ||
| 050 |
_aBS2650.5 _b.W54 1974 |
||
| 100 | _aWiles, Gordon P. | ||
| 245 | 0 |
_aPaul's intercessory prayers: _bthe significance of the intercessory prayer passages in the letters of St Paul / _cGordon P. Wiles |
|
| 260 |
_aCambridge [England] : _bUniversity Press, _c1974 |
||
| 300 |
_axii, 351 p. _b; _c22 cm. |
||
| 490 |
_aSociety for New Testament Studies. Monograph series; _v24 |
||
| 505 | _aMachine derived contents note: 1. Introductory; 2. Intercessory prayer material in Paul?s letters; 3. Intercessory wish-prayers: their background and form; 4. Function of the wish-prayers in I Thessalonians; 5. Function of the wish-prayers in Romans, I Corinthians, and Philippians; 6. Blessings and Curses; 7. Intercessory prayer-reports: their form and function; 8. Function of the prayer-reports in the thanksgiving periods; 9. Function of the prayer-reports in the body of the letters; 10. Requests and exhortations about intercessory prayer; 11. Concluding Statement. | ||
| 650 | _aPaulus Apostel, Heiliger.Bible. Epistles of Paul Prayers.Bible. Epistles of Paul Criticism, interpretation, etc | ||
| 999 |
_c45712 _d45712 |
||